书目信息 |
| 题名: |
数学物理方法学习指南
|
|
| 作者: | 姚端正 编著 | |
| 分册: | ||
| 出版信息: | 北京 科学出版社 2001.4 |
|
| 页数: | 572页 | |
| 开本: | 24cm | |
| 丛书名: | ||
| 单 册: | ||
| 中图分类: | O411.1-44 , O411.1 | |
| 科图分类: | ||
| 主题词: | 理论物理学 | |
| 电子资源: | ||
| ISBN: | 7-03-008883-2 | |
| 000 | 00601nam0 2200205 45 | |
| 001 | 0966887059 | |
| 005 | 20090527091701.37 | |
| 010 | @a7-03-008883-2@dRMB 33.00 | |
| 100 | @a20020415d2001 km y0chiy0120 ea | |
| 101 | 0 | @achi |
| 102 | @aCN@b110000 | |
| 200 | 1 | @a数学物理方法学习指南@AShu Xue Wu Li Fang Fa Xue Xi Zhi Nan@f姚端正编著@Fyao duan zheng bian zhu |
| 210 | @a北京@c科学出版社@d2001.4 | |
| 215 | @a572页@d24cm | |
| 606 | 0 | @a理论物理学 |
| 690 | @aO411.1-44@v3 | |
| 690 | @aO411.1@v4 | |
| 701 | 0 | @a姚端正@Ayao duan zheng@4编著 |
| 801 | 0 | @aCN@bPFT@c20090527 |
| 905 | @a安徽大学@dO411.1@eY350 | |
| 数学物理方法学习指南/姚端正编著.-北京:科学出版社,2001.4 |
| 572页;24cm |
| ISBN 7-03-008883-2:RMB 33.00 |
| ● |
| 相关链接 |
|
|
|
正题名:数学物理方法学习指南
索取号:O411.1/Y350
 
预约/预借
| 序号 | 登录号 | 条形码 | 馆藏地/架位号 | 状态 | 备注 |
| 1 | 468796 | 204687963 | 管理学院资料室/ [索取号:O411.1/Y350] | 在馆 |